The common touch (Record no. 80767)
[ view plain ]
| 000 -LEADER | |
|---|---|
| fixed length control field | 01228cab a22002055a 4500 |
| 001 - CONTROL NUMBER | |
| control field | L145299 |
| 008 - FIXED-LENGTH DATA ELEMENTS--GENERAL INFORMATION | |
| fixed length control field | 080924e20080711xxk f v 000 0 eng d |
| 035 ## - SYSTEM CONTROL NUMBER | |
| System control number | (Sirsi) u145299 |
| 041 0# - LANGUAGE CODE | |
| Language code of text/sound track or separate title | eng |
| 100 1# - MAIN ENTRY--PERSONAL NAME | |
| Personal name | Ross, Jonathan |
| 245 04 - TITLE STATEMENT | |
| Title | The common touch |
| Remainder of title | case news |
| 260 ## - PUBLICATION, DISTRIBUTION, ETC. | |
| Date of publication, distribution, etc. | 2008 |
| 490 ## - SERIES STATEMENT | |
| Series statement | Property Week |
| Volume/sequential designation | 73(28) 11 July 2008, 74(1) |
| 520 ## - SUMMARY, ETC. | |
| Summary, etc. | Discusses the case of Hicklane Properties Ltd v Bradbury Investments Ltd [2008] EWCA Civ 691, 19 June 2008. The case showed that the courts will rely on good business sense to correct errors in documentation. The Court of Appeal found that a judge had been entitled to find that the parties to a lease of a property had a common intention that the freehold interest should be valued on the basis of open market value subject to the lease, instead of vacant possession as stated in the document agreed by the parties. This was because the judge's conclusion and his rectification order made commercial sense. |
| 590 ## - LOCAL NOTE (RLIN) | |
| Local note | KA |
| 650 24 - SUBJECT ADDED ENTRY--TOPICAL TERM | |
| Topical term or geographic name entry element | HICKLANE PROPERTIES LTD V BRADBURY INVESTMENTS LTD |
| 651 #4 - SUBJECT ADDED ENTRY--GEOGRAPHIC NAME | |
| Geographic name | England and Wales |
| Chronological subdivision | 1543- |
| 690 ## - LOCAL SUBJECT ADDED ENTRY--TOPICAL TERM (OCLC, RLIN) | |
| Topical term or geographic name as entry element | PROPERTY-COMMERCIAL PROPERTY-LEASEHOLD COMMERCIAL PROPERTY-COMMERCIAL LANDLORD AND TENANT-COMMERCIAL LEASES |
| 942 ## - ADDED ENTRY ELEMENTS (KOHA) | |
| Suppress in OPAC | 0 |
| Withdrawn status | Lost status | Source of classification or shelving scheme | Damaged status | Not for loan | Home library | Current library | Shelving location | Date acquired | Total Checkouts | Full call number | Barcode | Date last seen | Copy number | Price effective from | Koha item type |
|---|---|---|---|---|---|---|---|---|---|---|---|---|---|---|---|
| Dewey Decimal Classification | London | London | Journal article | 24/09/2008 | L145299 | 145299-2001 | 06/08/2019 | 1 | 06/08/2019 | Journal article |